000 00309nam a22001337a 4500
008 170706b xxu||||| |||| 00| 0 eng d
020 _a9780312002527
041 _aeng
080 _a82
100 _a22
101 _aGJL
245 _aRHETORIC I THE CLASSICAL TRADITION
_cHORNER.W.B
942 _2udc
_cBK
999 _c19933
_d19933